00301nam a2200109Ia 4500008004100000020001500041040002900056050002300085100001600108245004300124260002400167221021s9999||||xx |||||||||||||| ||und|| a996646588X cChuka University Library aPZ 4b .O3515 1988 aOgot Grace. 0aLand without thunder and other stories aNairobibEAEPc1988